Normal view MARC view

Entry Personal Name

Number of records used in: 2

001 - CONTROL NUMBER

  • control field: 34175

003 - CONTROL NUMBER IDENTIFIER

  • control field: dpl

005 - DATE AND TIME OF LATEST TRANSACTION

  • control field: 20110902135421.0

008 - FIXED-LENGTH DATA ELEMENTS

  • fixed length control field: 110902|||a|||||| | ||| d

040 ## - CATALOGING SOURCE

  • Original cataloging agency: dpl
  • Transcribing agency: dpl

100 ## - HEADING--PERSONAL NAME

  • Personal name: Hudson, William Henry

670 ## - SOURCE DATA FOUND

  • Source citation: Work cat.: (dpl)42118: Hudson, William Henry, An outline history of english literature /, 2009

670 ## - SOURCE DATA FOUND

  • Source citation: Work cat.: (dpl)42118: Hudson, William Henry, An outline history of english literature /, 2009

© Delhi Public Library
Hit Counter
free hit counter